A dictionary of electronics : (Record no. 61551)

000 -LEADER
fixed length control field 00458nam a22001697a 4500
003 - CONTROL NUMBER IDENTIFIER
control field NUST-PNEC
005 - DATE AND TIME OF LATEST TRANSACTION
control field 20170116180724.0
008 - FIXED-LENGTH DATA ELEMENTS--GENERAL INFORMATION
fixed length control field 141031b xxu||||| |||| 00| 0 eng d
040 ## - CATALOGING SOURCE
Transcribing agency PNEC
082 ## - DEWEY DECIMAL CLASSIFICATION NUMBER
Classification number 621.03 JAI
100 ## - MAIN ENTRY--PERSONAL NAME
9 (RLIN) 890
Personal name Jain, Er. V. K.
245 ## - TITLE STATEMENT
Title A dictionary of electronics :
Statement of responsibility, etc. Er. V. K. Jain
260 ## - PUBLICATION, DISTRIBUTION, ETC.
Place of publication, distribution, etc. New Delhi :
Name of publisher, distributor, etc. CBS Publishers & distributors
Date of publication, distribution, etc. c1995
300 ## - PHYSICAL DESCRIPTION
Extent 448 p. :
Dimensions 21 cm.
650 ## - SUBJECT ADDED ENTRY--TOPICAL TERM
General subdivision Dictionary
-- EL
942 ## - ADDED ENTRY ELEMENTS (KOHA)
Source of classification or shelving scheme
Koha item type Book
Holdings
Withdrawn status Lost status Source of classification or shelving scheme Damaged status Not for loan Permanent Location Current Location Shelving location Date acquired Source of acquisition Total Checkouts Full call number Barcode Date last seen Price effective from Koha item type
          Pakistan Navy Engineering College (PNEC) Pakistan Navy Engineering College (PNEC) Reference   Pak American Commercial   621.03 JAI PNECLIB-020338 10/31/2014   Book
© 2023 Central Library, National University of Sciences and Technology. All Rights Reserved.